[Event "Madrid ch 2018 - semifinal"]
[Site "Madrid ESP"]
[Date "2018.05.09"]
[Round "5.1"]
[White "Lin, Yingrui"]
[Black "Martinez Fernandez, Raul"]
[Result "1/2-1/2"]
[WhiteElo "2188"]
[BlackElo "2176"]
[PlyCount "97"]
[EventDate "2018.05.05"]
[EventType "swiss"]
[EventRounds "9"]
[EventCountry "ESP"]
[SourceTitle "Ajedrez en Madrid"]
[Source "lmi"]
[SourceDate "2018.05.05"]
[SourceVersion "1"]
[SourceVersionDate "2019.03.14"]
[SourceQuality "1"]

1. d4 d5 2. Nf3 Nf6 3. Bf4 Bf5 4. e3 e6 5. Bd3 Bxd3 6. Qxd3 c5 7. b3 Nc6 8. c3
cxd4 9. exd4 Be7 10. h3 O-O 11. Nbd2 Rc8 12. O-O Qa5 13. a4 Nb8 14. b4 Qa6 15.
b5 Qa5 16. Rfc1 Nbd7 17. Nb3 Qd8 18. a5 Ne4 19. Nfd2 Nd6 20. Bxd6 Bxd6 21. c4
dxc4 22. Rxc4 Rxc4 23. Nxc4 Nc5 24. Nxc5 Bxc5 25. Rd1 Be7 26. d5 exd5 27. Qxd5
Qxd5 28. Rxd5 Rd8 29. Re5 Kf8 30. Kf1 Rd4 31. Ne3 Bd6 32. Rd5 Rxd5 33. Nxd5 a6
34. bxa6 bxa6 35. Ke2 Ke8 36. Kd3 Kd7 37. Kc4 Kc6 38. f4 g6 39. g4 f5 40. g5
Ba3 41. Nf6 Bc1 42. Nxh7 Bxf4 43. Nf8 Bxg5 44. Nxg6 Kd6 45. h4 Be3 46. h5 Ke6
47. Nh4 Bd2 48. h6 Bxh6 49. Nxf5 1/2-1/2

[Event "Madrid ch 2018 - semifinal"]
[Site "Madrid ESP"]
[Date "2018.05.09"]
[Round "5.2"]
[White "Nuñez Muñoz, Jesus"]
[Black "Perez Gonzalez, Jose Manuel"]
[Result "1/2-1/2"]
[WhiteElo "2193"]
[BlackElo "2252"]
[PlyCount "128"]
[EventDate "2018.05.05"]
[EventType "swiss"]
[EventRounds "9"]
[EventCountry "ESP"]
[SourceTitle "Ajedrez en Madrid"]
[Source "lmi"]
[SourceDate "2018.05.05"]
[SourceVersion "1"]
[SourceVersionDate "2019.03.14"]
[SourceQuality "1"]

1. e4 d6 2. d4 Nf6 3. Nc3 g6 4. Nf3 Bg7 5. Be2 O-O 6. h3 c5 7. dxc5 Qa5 8. O-O
Qxc5 9. Be3 Qa5 10. Qd2 Nc6 11. a3 Be6 12. Rad1 Rfc8 13. Nd4 Nxd4 14. Bxd4 Bc4
15. Bxf6 Bxf6 16. Nd5 Qxd2 17. Nxf6+ Kg7 18. Nh5+ gxh5 19. Rxd2 Bxe2 20. Rxe2
Rc5 21. Rd1 Rac8 22. c3 Kf6 23. Rd3 Rg8 24. h4 Rg4 25. g3 Rg8 26. Kg2 Rgc8 27.
Rd4 Rc4 28. Red2 Rxd4 29. Rxd4 Rc5 30. Kf3 Ke6 31. Ke3 f5 32. exf5+ Rxf5 33. c4
b5 34. b4 bxc4 35. Rxc4 a5 36. a4 axb4 37. Rxb4 Rc5 38. Re4+ Kd7 39. Rf4 Rc3+
40. Kd2 Ra3 41. Rf5 Rxa4 42. Rxh5 e5 43. Rxh7+ Ke6 44. h5 Rd4+ 45. Ke3 Kf6 46.
f4 Ra4 47. fxe5+ dxe5 48. Rh8 Ra3+ 49. Kf2 Kg5 50. h6 Kg6 51. Re8 Kxh6 52. Rxe5
Ra4 53. Kf3 Kg6 54. Kg2 Rb4 55. Kh3 Ra4 56. Rb5 Rc4 57. g4 Rc6 58. Kh4 Ra6 59.
Rb8 Ra5 60. Rb6+ Kg7 61. g5 Ra1 62. Rb7+ Kg6 63. Rb6+ Kg7 64. Rb7+ Kg6 1/2-1/2

[Event "Madrid ch 2018 - semifinal"]
[Site "Madrid ESP"]
[Date "2018.05.09"]
[Round "5.3"]
[White "Iagar, Razvan-Gabriel"]
[Black "De La Fuente Gonzalez, Francisco"]
[Result "1-0"]
[WhiteElo "2213"]
[BlackElo "2213"]
[PlyCount "75"]
[EventDate "2018.05.05"]
[EventType "swiss"]
[EventRounds "9"]
[EventCountry "ESP"]
[SourceTitle "Ajedrez en Madrid"]
[Source "lmi"]
[SourceDate "2018.05.05"]
[SourceVersion "1"]
[SourceVersionDate "2019.03.14"]
[SourceQuality "1"]

1. d4 d5 2. c4 c6 3. cxd5 cxd5 4. Nc3 Nf6 5. Bf4 Nc6 6. e3 a6 7. Rc1 e6 8. Nf3
Bd6 9. Bg3 O-O 10. Bd3 Qc7 11. O-O Bxg3 12. hxg3 Bd7 13. a3 Qd6 14. Na4 e5 15.
dxe5 Nxe5 16. Be2 Rac8 17. Qd4 Nc6 18. Qf4 Qe7 19. Nb6 Rce8 20. Rfd1 Be6 21.
Bxa6 Qd8 22. Bxb7 Qxb6 23. Bxc6 Rc8 24. Qa4 Qxb2 25. Rc2 Qb6 26. Nd4 Ne4 27.
Qb3 Qa5 28. Qb4 Qd8 29. a4 h5 30. a5 h4 31. gxh4 Qxh4 32. a6 Qg5 33. a7 Bh3 34.
f4 Qh5 35. Qe1 Be6 36. Ra1 Ra8 37. Bxa8 Rxa8 38. Rb2 1-0

[Event "Madrid ch 2018 - semifinal"]
[Site "Madrid ESP"]
[Date "2018.05.09"]
[Round "5.4"]
[White "Paarup, Torsten"]
[Black "Fernandez Lledo, Javier"]
[Result "1-0"]
[WhiteElo "2007"]
[BlackElo "2241"]
[PlyCount "79"]
[EventDate "2018.05.05"]
[EventType "swiss"]
[EventRounds "9"]
[EventCountry "ESP"]
[SourceTitle "Ajedrez en Madrid"]
[Source "lmi"]
[SourceDate "2018.05.05"]
[SourceVersion "1"]
[SourceVersionDate "2019.03.14"]
[SourceQuality "1"]

1. e4 d6 2. d4 Nf6 3. Nc3 e5 4. dxe5 dxe5 5. Qxd8+ Kxd8 6. Bg5 Be6 7. O-O-O+
Nbd7 8. f4 exf4 9. Nf3 Kc8 10. Bd3 Bc5 11. Bxf4 Ng4 12. Rd2 Nf2 13. Rf1 Nxd3+
14. cxd3 f6 15. d4 Bc4 16. Rfd1 Bb4 17. a3 Ba5 18. b4 Bb6 19. Kb2 Re8 20. Rc1
Kd8 21. e5 g5 22. Nxg5 fxg5 23. Bxg5+ Kc8 24. Ne4 Bxd4+ 25. Rxd4 Nxe5 26. Rcxc4
Nxc4+ 27. Rxc4 Rg8 28. g3 b6 29. Bf4 Rg7 30. Nd6+ Kd8 31. Nb5 c5 32. bxc5 a6
33. Rd4+ Rd7 34. Bg5+ Kc8 35. Nd6+ Kc7 36. cxb6+ Kc6 37. b7 Rb8 38. Kc3 a5 39.
Bf4 Rbd8 40. Rc4+ 1-0

[Event "Madrid ch 2018 - semifinal"]
[Site "Madrid ESP"]
[Date "2018.05.09"]
[Round "5.5"]
[White "Torres Boch, Jose Francisco"]
[Black "Pindado Campos, Raul"]
[Result "1-0"]
[WhiteElo "2137"]
[BlackElo "2018"]
[PlyCount "105"]
[EventDate "2018.05.05"]
[EventType "swiss"]
[EventRounds "9"]
[EventCountry "ESP"]
[SourceTitle "Ajedrez en Madrid"]
[Source "lmi"]
[SourceDate "2018.05.05"]
[SourceVersion "1"]
[SourceVersionDate "2019.03.14"]
[SourceQuality "1"]

1. e4 c5 2. Nf3 d6 3. d4 cxd4 4. Nxd4 Nf6 5. Nc3 a6 6. Qf3 Bg4 7. Qg3 e5 8. Nf5
Bxf5 9. exf5 Nc6 10. Bg5 Be7 11. O-O-O Rc8 12. Bxf6 Bxf6 13. Ne4 Nd4 14. Rxd4
exd4 15. Nxd6+ Kf8 16. Nxc8 Qxc8 17. Bd3 g6 18. h4 Rg8 19. fxg6 hxg6 20. Qf3
Qe6 21. a3 Rh8 22. g3 b5 23. Kb1 Rh5 24. Qd1 Qb6 25. f4 b4 26. a4 b3 27. cxb3
Rc5 28. Ka2 Qc6 29. g4 Qg2 30. h5 Rc3 31. hxg6 Rxd3 32. Qxd3 Qxh1 33. Qxa6 Kg7
34. g5 Be7 35. Qe2 Bd6 36. Qc4 Kxg6 37. Qxd4 Be7 38. Qd3+ Kg7 39. Qe3 Kf8 40.
f5 Qh5 41. f6 Bd8 42. Qd4 Ke8 43. Qe5+ Kd7 44. Qd5+ Kc7 45. a5 Qe2 46. Qxf7+
Kb8 47. Qd5 Bc7 48. f7 Qe7 49. g6 Be5 50. f8=Q+ Qxf8 51. Qxe5+ Ka7 52. g7 Qd8
53. Qc5+ 1-0

[Event "Madrid ch 2018 - semifinal"]
[Site "Madrid ESP"]
[Date "2018.05.09"]
[Round "5.6"]
[White "Perez Diez, Victor"]
[Black "Aguilera Lopez, Alejandro"]
[Result "0-1"]
[WhiteElo "1964"]
[BlackElo "2098"]
[PlyCount "112"]
[EventDate "2018.05.05"]
[EventType "swiss"]
[EventRounds "9"]
[EventCountry "ESP"]
[SourceTitle "Ajedrez en Madrid"]
[Source "lmi"]
[SourceDate "2018.05.05"]
[SourceVersion "1"]
[SourceVersionDate "2019.03.14"]
[SourceQuality "1"]

1. e4 c5 2. Nc3 Nc6 3. g3 d6 4. Bg2 g6 5. d3 Bg7 6. Be3 Nf6 7. h3 O-O 8. Qd2
Nd4 9. Nce2 e5 10. c3 Nc6 11. f4 Qe7 12. Nf3 c4 13. O-O-O exf4 14. Bxf4 cxd3
15. Qxd3 Nxe4 16. Qe3 Re8 17. Ned4 Nxd4 18. Nxd4 g5 19. Rhe1 gxf4 20. Qxe4 Qxe4
21. Bxe4 Bxh3 22. Bxh7+ Kxh7 23. Rh1 Kg6 24. Rxh3 Re3 25. Rh4 Rxg3 26. Ne2 Be5
27. Rdh1 Rf3 28. Rg1+ Kf5 29. Kd2 Rh8 30. Rxh8 Bxh8 31. Rh1 Be5 32. Rh7 Ke4 33.
Rxf7 Rd3+ 34. Kc2 Rh3 35. Nxf4 Bxf4 36. Rxb7 Be3 37. Kb3 Kd5 38. Rc7 Bb6 39.
Rc8 Rh7 40. Rg8 Kc6 41. Rg6 Rh4 42. Rg2 Bc5 43. Re2 a5 44. Rg2 Rf4 45. a4 Be3
46. Re2 Rf3 47. Kc4 Bc5 48. Kb3 Kd5 49. Rd2+ Ke4 50. Rg2 Kd3 51. Rh2 Rf7 52.
Rh3+ Be3 53. Rh5 Rb7+ 54. Ka2 Kc2 55. Rxa5 Rxb2+ 56. Ka1 Bc5 0-1

[Event "Madrid ch 2018 - semifinal"]
[Site "Madrid ESP"]
[Date "2018.05.09"]
[Round "5.7"]
[White "Rodrigo Yanguas, Maria"]
[Black "Fernandez Aransay, Fernando"]
[Result "1-0"]
[WhiteElo "2054"]
[BlackElo "1871"]
[PlyCount "73"]
[EventDate "2018.05.05"]
[EventType "swiss"]
[EventRounds "9"]
[EventCountry "ESP"]
[SourceTitle "Ajedrez en Madrid"]
[Source "lmi"]
[SourceDate "2018.05.05"]
[SourceVersion "1"]
[SourceVersionDate "2019.03.14"]
[SourceQuality "1"]

1. e4 c5 2. c3 d6 3. d4 Nf6 4. Bd3 g6 5. Nf3 Bg7 6. h3 O-O 7. O-O cxd4 8. cxd4
Nc6 9. Nc3 e5 10. dxe5 dxe5 11. Qe2 a6 12. Rd1 Qc7 13. Be3 Be6 14. Rac1 Rac8
15. Bc5 Rfe8 16. Qe3 Qb8 17. Ng5 Nd4 18. Nxe6 Nxe6 19. Ba7 Qa8 20. Nd5 Nxd5 21.
exd5 Nd4 22. Bc5 b5 23. d6 Qb7 24. a4 Qd7 25. axb5 axb5 26. Be4 h5 27. Kh1 Kh7
28. Rc3 Bh6 29. Qe1 Bg7 30. Ra1 Qe6 31. Ra7 Rcd8 32. Bb1 Rd7 33. Rca3 Red8 34.
Qd1 Bf8 35. Rxd7 Rxd7 36. Ra8 Bxd6 37. Qxh5+ 1-0

[Event "Madrid ch 2018 - semifinal"]
[Site "Madrid ESP"]
[Date "2018.05.09"]
[Round "5.8"]
[White "Barragan Arriaza, Pablo"]
[Black "Rosa Ramirez, Victor Diego"]
[Result "0-1"]
[WhiteElo "2030"]
[BlackElo "1884"]
[PlyCount "120"]
[EventDate "2018.05.05"]
[EventType "swiss"]
[EventRounds "9"]
[EventCountry "ESP"]
[SourceTitle "Ajedrez en Madrid"]
[Source "lmi"]
[SourceDate "2018.05.05"]
[SourceVersion "1"]
[SourceVersionDate "2019.03.14"]
[SourceQuality "1"]

1. c4 c5 2. g3 Nc6 3. Bg2 e6 4. Nf3 Nge7 5. O-O g6 6. d4 cxd4 7. Nxd4 Bg7 8.
Nxc6 bxc6 9. e4 O-O 10. Nc3 Rb8 11. Qc2 Qa5 12. Bd2 Qa6 13. b3 c5 14. Rad1 Nc6
15. Nb5 Nd4 16. Nxd4 cxd4 17. f4 d6 18. Be1 e5 19. Bf2 f6 20. h3 Bb7 21. g4 Bc6
22. f5 g5 23. h4 h6 24. Be1 Qb6 25. hxg5 d3+ 26. Qf2 Qb7 27. Qe3 hxg5 28. Rxd3
Rfd8 29. Bc3 Bf8 30. Rfd1 Qc7 31. Qd2 Qb7 32. Qe3 Qc7 33. R1d2 Bb7 34. Qxa7 d5
35. Rxd5 Rxd5 36. Rxd5 Ra8 37. Ba5 Rxa7 38. Bxc7 Bxd5 39. exd5 Bc5+ 40. Kf1
Rxc7 41. Be4 Bd6 42. Kg1 Kf8 43. Kf2 Ke7 44. Ke3 Kd8 45. Kd3 Rh7 46. Kc3 Rh3+
47. Kb2 Bb4 48. a3 Rh2+ 49. Bc2 Bc5 50. b4 Bd4+ 51. Kb3 Rh3+ 52. Ka4 Rc3 53.
Bb3 e4 54. c5 e3 55. Bd1 Rd3 56. Bf3 Bb2 57. Kb5 Bxa3 58. c6 Rd4 59. Ka6 Bxb4
60. Kb6 Bd6 0-1

[Event "Madrid ch 2018 - semifinal"]
[Site "Madrid ESP"]
[Date "2018.05.09"]
[Round "5.9"]
[White "Fernandez Garcia, Ignacio"]
[Black "Lopez De Turiso, Jose Angel"]
[Result "0-1"]
[WhiteElo "1804"]
[BlackElo "2022"]
[PlyCount "78"]
[EventDate "2018.05.05"]
[EventType "swiss"]
[EventRounds "9"]
[EventCountry "ESP"]
[SourceTitle "Ajedrez en Madrid"]
[Source "lmi"]
[SourceDate "2018.05.05"]
[SourceVersion "1"]
[SourceVersionDate "2019.03.14"]
[SourceQuality "1"]

1. e4 e5 2. Nf3 Nc6 3. Nc3 Nf6 4. d4 exd4 5. Nxd4 Bb4 6. Bg5 h6 7. Nxc6 bxc6 8.
Bd2 O-O 9. Bd3 d5 10. exd5 Re8+ 11. Ne2 Bxd2+ 12. Qxd2 cxd5 13. O-O c6 14. Rfe1
Qb6 15. c3 Ba6 16. Bxa6 Qxa6 17. Ng3 Rxe1+ 18. Qxe1 Re8 19. Qd2 Ne4 20. Qe2 Qb6
21. Qc2 Nxg3 22. hxg3 Qa6 23. b3 Re2 24. Qf5 g6 25. Qf6 Rxa2 26. Rxa2 Qxa2 27.
Qxc6 Qxb3 28. Qe8+ Kg7 29. Qe5+ Kh7 30. Qc7 Kg8 31. Qc8+ Kg7 32. Qc7 Qb1+ 33.
Kh2 Qb6 34. Qe5+ Qf6 35. Qxd5 Qxc3 36. f4 a5 37. g4 a4 38. g5 hxg5 39. fxg5 a3
0-1

[Event "Madrid ch 2018 - semifinal"]
[Site "Madrid ESP"]
[Date "2018.05.09"]
[Round "5.10"]
[White "Cabañas Bravo, Juan Andres"]
[Black "Baeza Escudero, Javier"]
[Result "0-1"]
[WhiteElo "1936"]
[BlackElo "1913"]
[PlyCount "78"]
[EventDate "2018.05.05"]
[EventType "swiss"]
[EventRounds "9"]
[EventCountry "ESP"]
[SourceTitle "Ajedrez en Madrid"]
[Source "lmi"]
[SourceDate "2018.05.05"]
[SourceVersion "1"]
[SourceVersionDate "2019.03.14"]
[SourceQuality "1"]

1. e4 e6 2. d4 d5 3. Nc3 Nf6 4. Bg5 Be7 5. e5 Nfd7 6. h4 h6 7. Qh5 a6 8. Rh3 c5
9. Bd3 cxd4 10. Nxd5 Qa5+ 11. Kf1 Qxd5 12. f4 Nc5 13. Bg6 Rf8 14. Bxe7 Kxe7 15.
Bh7 Rh8 16. Bg6 fxg6 17. Qxg6 Rg8 18. Qh7 Kf8 19. Re1 Bd7 20. Nf3 Nc6 21. Nh2
Ne7 22. g4 Bc6 23. Rf3 Ne4 24. Rd1 Qc4+ 25. Ke1 Qb4+ 26. Ke2 Bb5+ 27. Rfd3 Nc5
28. b3 Nxd3 29. cxd3 Qc5 30. Rd2 Be8 31. h5 Rc8 32. Nf3 Bc6 33. Nh4 Ke8 34. Ng6
Kd7 35. f5 Nxg6 36. fxe6+ Kc7 37. Qxg6 Qxe5+ 38. Kd1 Bf3+ 39. Kc1 Qe1+ 0-1

[Event "Madrid ch 2018 - semifinal"]
[Site "Madrid ESP"]
[Date "2018.05.09"]
[Round "5.11"]
[White "Marcos Herrero, Francisco"]
[Black "Cuellar Gutierrez, Raul"]
[Result "1/2-1/2"]
[WhiteElo "1896"]
[BlackElo "1922"]
[PlyCount "95"]
[EventDate "2018.05.05"]
[EventType "swiss"]
[EventRounds "9"]
[EventCountry "ESP"]
[SourceTitle "Ajedrez en Madrid"]
[Source "lmi"]
[SourceDate "2018.05.05"]
[SourceVersion "1"]
[SourceVersionDate "2019.03.14"]
[SourceQuality "1"]

1. d4 Nf6 2. c4 g6 3. Nf3 Bg7 4. g3 O-O 5. Bg2 c5 6. O-O cxd4 7. Nxd4 Nc6 8.
Nc3 Nxd4 9. Qxd4 d6 10. Bg5 h6 11. Bd2 a6 12. e4 Be6 13. Qd3 Qd7 14. Rfc1 Rfd8
15. Nd5 Rab8 16. Ba5 Rf8 17. Bb6 Rbc8 18. Be3 Nxd5 19. cxd5 Bh3 20. Qd2 Bxg2
21. Kxg2 Qa4 22. f3 Qb5 23. Bxh6 Bxh6 24. Qxh6 Qe2+ 25. Kg1 Qxf3 26. Qf4 Qxf4
27. gxf4 Kg7 28. Kg2 Kf6 29. h4 Rh8 30. Kg3 e6 31. a4 e5 32. Rf1 exf4+ 33.
Rxf4+ Ke7 34. Ra3 Rc2 35. Rb3 Rc7 36. Rbf3 Rh7 37. b3 Rc5 38. Rf6 Ra5 39. Kg4
Rc5 40. R6f4 Rc7 41. Rd3 Rc1 42. Rff3 Rh8 43. Rc3 Rc8 44. Rxc8 Rxc8 45. Kg5 Rh8
46. Rc3 Rh5+ 47. Kg4 Kd7 48. Rf3 1/2-1/2

[Event "Madrid ch 2018 - semifinal"]
[Site "Madrid ESP"]
[Date "2018.05.09"]
[Round "5.12"]
[White "Spitzer Isbert, Ramon"]
[Black "Ruiz Quevedo, Andres"]
[Result "1-0"]
[WhiteElo "2019"]
[BlackElo "1895"]
[PlyCount "83"]
[EventDate "2018.05.05"]
[EventType "swiss"]
[EventRounds "9"]
[EventCountry "ESP"]
[SourceTitle "Ajedrez en Madrid"]
[Source "lmi"]
[SourceDate "2018.05.05"]
[SourceVersion "1"]
[SourceVersionDate "2019.03.14"]
[SourceQuality "1"]

1. e4 c5 2. Nf3 d6 3. Be2 Nf6 4. c3 Nc6 5. d4 Qc7 6. O-O g6 7. d5 Nb8 8. Re1
Nbd7 9. Bf1 Bg7 10. Nbd2 O-O 11. a4 b6 12. Nc4 Bb7 13. h3 a6 14. Bf4 b5 15. e5
Ne8 16. axb5 axb5 17. Rxa8 Bxa8 18. exd6 exd6 19. Ne3 Qb6 20. Ng4 Nef6 21. Nh6+
Kh8 22. c4 Nh5 23. Bc1 Ne5 24. g4 Nxf3+ 25. Qxf3 Nf6 26. g5 Nd7 27. Bf4 Ne5 28.
Bxe5 dxe5 29. Ng4 bxc4 30. Nxe5 Qxb2 31. Nxc4 Qc3 32. Qxc3 Bxc3 33. Rd1 Bd4 34.
Nb6 Bxd5 35. Nxd5 Ra8 36. Bc4 Kg7 37. Nc7 Ra3 38. Rd3 Ra1+ 39. Kg2 Rc1 40. Bd5
Rc2 41. Rf3 f5 42. gxf6+ 1-0

[Event "Madrid ch 2018 - semifinal"]
[Site "Madrid ESP"]
[Date "2018.05.09"]
[Round "5.13"]
[White "Vukotic Jovsic, Dragan"]
[Black "Mkrtchyan, Levon"]
[Result "0-1"]
[WhiteElo "1958"]
[BlackElo "2141"]
[PlyCount "84"]
[EventDate "2018.05.05"]
[EventType "swiss"]
[EventRounds "9"]
[EventCountry "ESP"]
[SourceTitle "Ajedrez en Madrid"]
[Source "lmi"]
[SourceDate "2018.05.05"]
[SourceVersion "1"]
[SourceVersionDate "2019.03.14"]
[SourceQuality "1"]

1. d4 Nf6 2. Bf4 c5 3. e3 d6 4. dxc5 Qa5+ 5. Qd2 Qxc5 6. b4 Qb6 7. Na3 g6 8.
Nc4 Qc7 9. Nf3 Bg7 10. Rd1 Ne4 11. Qd3 Bf5 12. Qb3 O-O 13. Nd4 a6 14. Bd3 Nc6
15. Nxf5 gxf5 16. f3 Nc3 17. Rd2 Nd5 18. O-O b5 19. Nb2 Ncxb4 20. Bxf5 Qc3 21.
Re2 Nxf4 22. exf4 Qxb2 23. Qxb2 Bxb2 24. Rxe7 Rfe8 25. Rxe8+ Rxe8 26. Rb1 Bd4+
27. Kf1 Nd5 28. Be4 Ne3+ 29. Ke2 f5 30. Kd3 fxe4+ 31. Kxd4 exf3 32. gxf3 Nxc2+
33. Kc3 Ne1 34. Rd1 Nxf3 35. Rxd6 Re3+ 36. Kb4 Re4+ 37. Kc5 Ra4 38. f5 Rxa2 39.
h3 Ng5 40. Rd3 Kf7 41. h4 Ne4+ 42. Kd5 Rd2 0-1

[Event "Madrid ch 2018 - semifinal"]
[Site "Madrid ESP"]
[Date "2018.05.09"]
[Round "5.14"]
[White "Gonzalez Rivera, Eduardo"]
[Black "Santamaria Baeza, Adolfo"]
[Result "0-1"]
[WhiteElo "2047"]
[BlackElo "1901"]
[PlyCount "106"]
[EventDate "2018.05.05"]
[EventType "swiss"]
[EventRounds "9"]
[EventCountry "ESP"]
[SourceTitle "Ajedrez en Madrid"]
[Source "lmi"]
[SourceDate "2018.05.05"]
[SourceVersion "1"]
[SourceVersionDate "2019.03.14"]
[SourceQuality "1"]

1. e4 e5 2. Nf3 Nc6 3. Bc4 Bc5 4. b4 Bxb4 5. c3 Bd6 6. O-O h6 7. d4 Qf6 8. Na3
a6 9. Bb3 Nge7 10. Nc4 Ng6 11. Nxd6+ Qxd6 12. a4 Qf6 13. d5 Nd8 14. d6 c6 15.
a5 Ne6 16. Be3 Ngf4 17. g3 Nh3+ 18. Kg2 Nhg5 19. Nd2 Qg6 20. Bc2 O-O 21. Nc4 f6
22. Kh1 Kh8 23. f4 exf4 24. Bxf4 Nxe4 25. Qf3 Nxg3+ 26. Bxg3 Qxc2 27. Nb6 Rb8
28. Rf2 Qg6 29. Rb2 Ng5 30. Qg2 Re8 31. Rab1 Qf5 32. Ra1 Ne4 33. h3 Nxc3 34.
Kh2 Nb5 35. Re2 Rd8 36. Rae1 Na7 37. Re8+ Rxe8 38. Rxe8+ Kh7 39. Qd2 c5 40. Qa2
Kg6 41. Re7 Kh7 42. Qf7 Qc2+ 43. Kg1 Qg6 44. Qb3 Nc6 45. Nxc8 Nxa5 46. Qc3 Rxc8
47. Rxd7 b5 48. Kh2 b4 49. Qa1 b3 50. Qxa5 Qc2+ 51. Kg1 b2 52. Rb7 b1=Q+ 53.
Rxb1 Qxb1+ 0-1

[Event "Madrid ch 2018 - semifinal"]
[Site "Madrid ESP"]
[Date "2018.05.09"]
[Round "5.15"]
[White "Andrade Sandoval, Jim Carlos"]
[Black "Carrasco Coquillat, Alvaro"]
[Result "1/2-1/2"]
[WhiteElo "2032"]
[BlackElo "1869"]
[PlyCount "50"]
[EventDate "2018.05.05"]
[EventType "swiss"]
[EventRounds "9"]
[EventCountry "ESP"]
[SourceTitle "Ajedrez en Madrid"]
[Source "lmi"]
[SourceDate "2018.05.05"]
[SourceVersion "1"]
[SourceVersionDate "2019.03.14"]
[SourceQuality "1"]

1. Nf3 Nf6 2. d4 g6 3. Bf4 Bg7 4. e3 O-O 5. Be2 d6 6. h3 c5 7. O-O Nbd7 8. c4
b6 9. Nc3 Bb7 10. Rc1 a6 11. a3 Rc8 12. d5 Ne8 13. b4 Nc7 14. Qb3 Rb8 15. Rfd1
b5 16. cxb5 axb5 17. Nxb5 Nxb5 18. Bxb5 Bxd5 19. Qxd5 Rxb5 20. Bxd6 exd6 21.
Qxd6 cxb4 22. Qxd7 Qxd7 23. Rxd7 bxa3 24. Ra7 Rfb8 25. Nd4 Bxd4 1/2-1/2

[Event "Madrid ch 2018 - semifinal"]
[Site "Madrid ESP"]
[Date "2018.05.09"]
[Round "5.16"]
[White "Garcia Serrano, Jose Manuel"]
[Black "Carrasco Coquillat, Jorge"]
[Result "0-1"]
[WhiteElo "1961"]
[BlackElo "1840"]
[PlyCount "64"]
[EventDate "2018.05.05"]
[EventType "swiss"]
[EventRounds "9"]
[EventCountry "ESP"]
[SourceTitle "Ajedrez en Madrid"]
[Source "lmi"]
[SourceDate "2018.05.05"]
[SourceVersion "1"]
[SourceVersionDate "2019.03.14"]
[SourceQuality "1"]

1. e4 c5 2. d4 cxd4 3. c3 dxc3 4. Nxc3 Nc6 5. Nf3 e6 6. Bc4 a6 7. O-O b5 8. Bb3
Bb7 9. Qe2 Nge7 10. Bg5 Na5 11. Bd5 exd5 12. exd5 d6 13. Rfd1 Nc4 14. b3 Nb6
15. Rac1 Qd7 16. Qe3 Nbc8 17. Ne4 f5 18. Ng3 h6 19. Bh4 g5 20. Nh5 Kf7 21. Bxg5
hxg5 22. Nxg5+ Kg6 23. Nf4+ Kxg5 24. g3 Kf6 25. Qd4+ Kf7 26. Qxh8 Bg7 27. Qh5+
Kg8 28. Qg5 Nb6 29. Ne6 Nexd5 30. Qg6 Qf7 31. Qxf7+ Kxf7 32. Nc7 Rc8 0-1

[Event "Madrid ch 2018 - semifinal"]
[Site "Madrid ESP"]
[Date "2018.05.09"]
[Round "5.17"]
[White "Garcia Dorado, Alberto"]
[Black "Martinez Aragon, Aitor"]
[Result "1-0"]
[WhiteElo "2129"]
[BlackElo "1823"]
[PlyCount "59"]
[EventDate "2018.05.05"]
[EventType "swiss"]
[EventRounds "9"]
[EventCountry "ESP"]
[SourceTitle "Ajedrez en Madrid"]
[Source "lmi"]
[SourceDate "2018.05.05"]
[SourceVersion "1"]
[SourceVersionDate "2019.03.14"]
[SourceQuality "1"]

1. d4 Nf6 2. c4 e6 3. g3 d5 4. Nf3 Be7 5. Bg2 O-O 6. Qc2 b6 7. cxd5 exd5 8. O-O
Bb7 9. Bf4 c5 10. Nc3 Nc6 11. dxc5 bxc5 12. Rfd1 Qa5 13. Ne5 Nd4 14. Qd2 Qb4
15. Nd3 Qb6 16. Na4 Qb5 17. Nc3 Qb6 18. Bg5 Rfd8 19. Na4 Qb5 20. Bxf6 gxf6 21.
Nc3 Qd7 22. Nf4 Qf5 23. e3 Nc2 24. Ncxd5 Bxd5 25. Nxd5 Rxd5 26. Bxd5 Rd8 27. e4
Qxe4 28. Bxe4 Rxd2 29. Rxd2 Nxa1 30. Rd1 1-0

[Event "Madrid ch 2018 - semifinal"]
[Site "Madrid ESP"]
[Date "2018.05.09"]
[Round "5.18"]
[White "De Luna Butz, Alberto"]
[Black "Alvarez Abejon, Amilcar"]
[Result "0-1"]
[WhiteElo "1815"]
[BlackElo "1951"]
[PlyCount "74"]
[EventDate "2018.05.05"]
[EventType "swiss"]
[EventRounds "9"]
[EventCountry "ESP"]
[SourceTitle "Ajedrez en Madrid"]
[Source "lmi"]
[SourceDate "2018.05.05"]
[SourceVersion "1"]
[SourceVersionDate "2019.03.14"]
[SourceQuality "1"]

1. Nf3 f5 2. d3 d6 3. e4 e5 4. exf5 Bxf5 5. Nc3 Nf6 6. Bg5 Be7 7. Qd2 O-O 8.
O-O-O Nc6 9. h3 d5 10. g4 Be6 11. Bg2 Bb4 12. d4 e4 13. Ne5 Qe8 14. Qe3 Bd6 15.
f4 exf3 16. Nxf3 h6 17. Rde1 Bf7 18. Bf4 Qxe3+ 19. Bxe3 Rae8 20. Bf2 Nd8 21.
Rxe8 Rxe8 22. Re1 Rxe1+ 23. Bxe1 c6 24. Ne5 Bxe5 25. dxe5 Nd7 26. Bg3 Ne6 27.
Ne2 Kf8 28. c3 Bg6 29. Nd4 Ndc5 30. b4 Nd3+ 31. Kd2 Nxd4 32. cxd4 Nxb4 33. a3
Nc2 34. e6 Nxd4 35. Bd6+ Ke8 36. e7 Kd7 37. Be5 Ne6 0-1

[Event "Madrid ch 2018 - semifinal"]
[Site "Madrid ESP"]
[Date "2018.05.09"]
[Round "5.19"]
[White "Camarero Izquierdo, Juan Carlos"]
[Black "Cardena Contreras, Javier"]
[Result "1-0"]
[WhiteElo "1911"]
[BlackElo "1909"]
[PlyCount "91"]
[EventDate "2018.05.05"]
[EventType "swiss"]
[EventRounds "9"]
[EventCountry "ESP"]
[SourceTitle "Ajedrez en Madrid"]
[Source "lmi"]
[SourceDate "2018.05.05"]
[SourceVersion "1"]
[SourceVersionDate "2019.03.14"]
[SourceQuality "1"]

1. d4 d5 2. Nc3 Nf6 3. Bg5 Nbd7 4. f3 h6 5. Bh4 c5 6. e4 cxd4 7. Qxd4 e5 8. Qa4
dxe4 9. Nxe4 Be7 10. Bxf6 gxf6 11. O-O-O Qc7 12. Bb5 a6 13. Nc3 Rb8 14. Nd5 Qd8
15. Bd3 b5 16. Qg4 Kf8 17. Bf5 h5 18. Qh3 Rb7 19. Ne2 Qe8 20. Ng3 h4 21. Ne4
Rh6 22. Nxe7 Qxe7 23. Nd6 Rc7 24. Nxc8 Qc5 25. Rd2 Qc4 26. Rxd7 Rxc8 27. Kb1
Rh8 28. g3 b4 29. gxh4 Rxh4 30. Qg2 Rh5 31. Be4 a5 32. Bd5 Rg5 33. Rxf7+ Ke8
34. Qd2 Qc5 35. Rxf6 Rg1+ 36. Rxg1 Qxg1+ 37. Qc1 Qxh2 38. Re6+ Kd7 39. Qd1 Rd8
40. Ra6 Kc7 41. Rxa5 Kb6 42. Ra4 Rxd5 43. Rxb4+ Ka5 44. Qxd5+ Kxb4 45. a3+ Ka4
46. b3+ 1-0